Louisiana sojourns: travelers' tales and literacy journeys (Record no. 32100)

MARC details
000 -LEADER
fixed length control field 00439nam a2200169Ia 4500
020 ## - INTERNATIONAL STANDARD BOOK NUMBER
ISBN 0- 8071- 2240- 8
050 ## - CALL MARK
Classification number F369.L896
100 ## - STATEMENT OF RESPONSIBILITY--MAIN AUTHOR NAME
Personal name Frank De Caro
245 #0 - TITLE STATEMENT
Title Louisiana sojourns: travelers' tales and literacy journeys
260 ## - PUBLICATION, DISTRIBUTION, ETC. (IMPRINT)
Name of publisher LSU press
260 ## - PUBLICATION, DISTRIBUTION, ETC. (IMPRINT)
Year of publication 1998
300 ## - PHYSICAL DESCRIPTION
Number of Pages 581 p
650 ## - SUBJECT ADDED ENTRY--TOPICAL TERM
Topical Term Louisiana- description and travel
942 ## - ADDED ENTRY ELEMENTS (KOHA)
Koha item type Books
Holdings
Withdrawn status Lost status Source of classification or shelving scheme Damaged status Not for loan Permanent Location Current Location Date acquired Accession Number Price effective from Koha item type
    Library of Congress Classification     NILE UNIVERSITY OF NIGERIA - MAIN LIBRARY NILE UNIVERSITY OF NIGERIA - MAIN LIBRARY 04/23/2025 0002358 04/23/2025 Books